| 000 | 00455nam a22001337a 4500 | ||
|---|---|---|---|
| 008 | 230223b |||||||| |||| 00| 0 eng d | ||
| 020 | _a9781847922427. | ||
| 050 | _aBP166.14.M63 D4 2017 | ||
| 100 |
_aDe Bellaigue Christopher, _952189 |
||
| 245 |
_aThe Islamic enlightenment, _bthe modern struggle between faith and reason _cChristopher De Bellaigue. |
||
| 260 |
_aLondon, _bBodley Head, _c2017. |
||
| 300 |
_a398p, _bxxxiv, _c24cm |
||
| 942 |
_2lcc _cMONOGRAPH |
||
| 999 |
_c131633 _d131633 |
||